000 00658nam a2200253 a 4500
001 nice12345678
003 IN_TiNIC
005 20260116012839.0
008 050524s1980 gena grp 000 0 eng
020 _a2825400
_c100
082 0 0 _a261.7
_bROG
100 _aRogers, Barbara
245 _aRace
_b No Peace Without Justice-Churches Confront the Mounting Racism of 198
260 _aGeneva
_bWCC
_c1980
300 _a132p
500 _aincludes index and biblioraphy
505 2 _aAppendices
650 _aChristianity-Racism
650 _aWcc-Racism
700 1 _aRogers, Barbara
902 _bSRS
942 _cBK
999 _c8624
_d8624